| 000 | 00485nam a22001937a 4500 | ||
|---|---|---|---|
| 003 | MPLRDC | ||
| 005 | 20220104161035.0 | ||
| 008 | 210129b ||||| |||| 00| 0 eng d | ||
| 020 | _a957-0316-71-3 | ||
| 082 | _a494 ACK | ||
| 100 | _aRUSSELL L. ACKOFF | ||
| 245 |
_a交响乐组织 _c黄佳瑜译 |
||
| 250 | _a初版 | ||
| 260 |
_a台湾 _b大块文化出版股份有限公司 _c2001 |
||
| 300 | _b446 | ||
| 490 | _aTOUCH. 22 | ||
| 650 | _a企业管理 | ||
| 942 |
_cBK _o494 ACK |
||
| 999 |
_c55290 _d55280 |
||